| 000 | 01203nam a2200289Ia 4500 | ||
|---|---|---|---|
| 999 |
_c5108 _d5108 |
||
| 003 | OSt | ||
| 005 | 20200326172551.0 | ||
| 008 | 191128s2003 ck gr 000 0 spa d | ||
| 020 | _a9586821927 | ||
| 040 |
_aCO-JMCR _cCO-JMCR |
||
| 041 | 0 | _aspa | |
| 082 | 0 | 4 |
_a320.1 / _bP671i _221 |
| 100 | 1 |
_aPosada Carbó, Eduardo, _eautor _91999 |
|
| 245 | 1 | 0 |
_aIlegitimidad del estado en Colombia : _bsobre los abusos de un concepto / _cEduardo Posada Carbó |
| 250 | _aPrimera edición | ||
| 260 |
_aBogotá : _bAlfaomega, _c2003 |
||
| 300 |
_axii, 49 páginas ; _c21 cm |
||
| 490 | 0 | _aLibros de Cambio | |
| 504 | _aBibliografía: páginas 43-49 | ||
| 505 | 0 | _aLa ilegitimidad y sus amigos -- Una realidad no tan simple -- El príncipe sin palacio -- Conclusiones: contra el cinismo | |
| 520 | _aEn este ensayo, Eduardo Posada Carbó examina la difundida idea, entre diversos formadores de opinión, que sugiere que el Estado colombiano es "ilegítimo". | ||
| 650 | 1 | 4 |
_aEstado y sociedad _91954 |
| 650 | 1 | 4 |
_aSoberanía _xEnsayos, conferencias, etc. _zColombia _92000 |
| 650 | 1 | 4 |
_aLegitimidad de los gobiernos _xEnsayos, conferencias, etc. _92001 |
| 650 | 1 | 4 |
_aDemocracia y poder _92002 |
| 942 |
_2ddc _cBK |
||